000 00749nam a2200193 i 4500
001 82460
003 ES-MaACL
005 20250901092735.0
007 t|
008 041110s1925 sp ||||1| spa d
245 0 0 _aInforme sobre el cuestionario publicado por R.O. de 19 de agosto de 1925.
260 _aBarcelona :
_b[s.n.],
_c1925 (
_fArtes Gráficas)
300 _a70 p. ;
_c24 cm.
500 _aPrecede al tít.: Cámara Oficial de Comercio y Navegación. Banco Nacional Español de Crédito al Comercio Exterior.
710 2 _aCámara Oficial de Comercio, Industria y Navegación de Barcelona.
_92390
710 2 _aBanco Nacional Español de Crédito al Comercio Exterior
_92136
852 _aES-MaACL
_j1694-F-10
999 _c82460
_d82460